00417nam a2200109Ia 4500008004100000082001800041100003600059245002500095260004000120630001800160650012900178211109s9999||||xx |||||||||||||| ||und|| a894.812bKER. aKeralavarma Ammaman Thampuran,  0aKoothum Koodiyttavum bMathrubhumi PrintingaCalicutc1989 xGeneral stack aLiterature & rhetoricvLiteratures of other languagesxAltaic, Uralic, Hyperborean & Dravidianmalayalam literature Malayalam